Pays frontalier de la Macédoine du nord - Statistiques

Statistiques générales
  • Ce quiz a été pris 45 fois
  • Le résultat moyen est 5 sur 5
Statistiques - réponses
Réponse % Correct
Kosovo
98%
Albanie
95%
Grèce
95%
Serbie
95%
Bulgarie
88%
Aucun quiz correspondant
Distribution des résultats
% des personnes avec chaque résultat
Percentile par nombre de réponses
Votre historique - résultats
Vous n’avez pas pris ce quiz